000
00255 a2200097 4500
001
13337
100
_a
Kermode,A.C
245
_a
Mechanics of flights, 10th Ed
260
_a
India
_b
R H Barnard & D R Philpott/ Pearson Edu Press
_c
2006
090
_c
10354
_d
10354
942
_a
NUST-CAE
_c
M
_c
397
999
_c
248410
_d
248410